000 00372nam a2200133Ia 4500
008 150202s9999 xx 000 0 und d
020 _a449127672
050 _aFIC
_bFIC
100 _aCarter, Ashley.
245 _aMiz Lucretia of Falconhurst /
_cAshley Carter.
260 _aNew York :
_bGold Medal Books,
_c1986.
300 _a311 pages :
_c18 cm.
650 _aFiction.
999 _c281896
_d281896